ՀՀ Գիտությունների ազգային ակադեմիայի հիմնարար գիտական գրադարան  =   Fundamental Scientific Library of NAS RA

Детская энциклопедия. (Record no. 75854)

MARC details
000 -LEADER
fixed length control field 01377cam a2200265 a 4500
001 - CONTROL NUMBER
control field 000216425
003 - CONTROL NUMBER IDENTIFIER
control field AM-YeHGA
005 - DATE AND TIME OF LATEST TRANSACTION
control field 20250617124246.0
008 - FIXED-LENGTH DATA ELEMENTS--GENERAL INFORMATION
fixed length control field 030407s1995 ru |||||r|||||||||0|rus|d
020 ## - INTERNATIONAL STANDARD BOOK NUMBER
International Standard Book Number 5852556661
020 ## - INTERNATIONAL STANDARD BOOK NUMBER
International Standard Book Number 5-85255-718-8 (Т. 7-8)
020 ## - INTERNATIONAL STANDARD BOOK NUMBER
International Standard Book Number 5-300-00136-8 (Т. 13-14)
020 ## - INTERNATIONAL STANDARD BOOK NUMBER
International Standard Book Number 5-85255-721-8 (Т. 17-18)
040 ## - CATALOGING SOURCE
Original cataloging agency AM-YeHGA
041 0# - LANGUAGE CODE
Language code of text/sound track or separate title rus
090 ## - LOCALLY ASSIGNED LC-TYPE CALL NUMBER (OCLC); LOCAL CALL NUMBER (RLIN)
-- 77087
245 00 - TITLE STATEMENT
Title Детская энциклопедия.
260 ## - PUBLICATION, DISTRIBUTION, ETC.
Place of publication, distribution, etc. Москва :
Name of publisher, distributor, etc. Терра,
Date of publication, distribution, etc. 1995.
300 ## - PHYSICAL DESCRIPTION
Extent том
440 #0 - SERIES STATEMENT/ADDED ENTRY--TITLE
Title "Открытие мира юношеством"
505 10 - FORMATTED CONTENTS NOTE
Miscellaneous information Т. 7-8 (1995, с. 577-768, IX-XII : цв. ил.) :
Title В тени крепостных стен /
Statement of responsibility Т. Дютур и др.; Худ.: К. Брутен и др.; Пер. О. Пичугин;
Miscellaneous information Т. 13-14 (1995, с. 153-1344, IX-XIII : цв. ил.) :
Title Зарождение капитализма /
Statement of responsibility Г. Кадье и др.; Худ. Н. Барон и др.; Пер. и общ. ред. О. Козловой;
Miscellaneous information Т. 17-18 (1995, с. 1537-1728, IX-XII : цв. ил.) :
Title Мир между войнами . Современный мир /
Statement of responsibility К. Гусефф и др.; Худ: К. Деламарр и др.; Пер.: А. Волков, М. Волкова
650 14 - SUBJECT ADDED ENTRY--TOPICAL TERM
Topical term or geographic name entry element История цивилизаций
650 14 - SUBJECT ADDED ENTRY--TOPICAL TERM
Topical term or geographic name entry element Детская литература
942 ## - ADDED ENTRY ELEMENTS (KOHA)
Source of classification or shelving scheme Universal Decimal Classification
Koha item type Գրքեր / Books
Holdings
Withdrawn status Lost status Damaged status Not for loan Collection Home library Current library Date acquired Serial enumeration / chronology Total checkouts Full call number Barcode Date last seen Price effective from Koha item type Public note Date last checked out
        General Fundamental Scientific Library Fundamental Scientific Library 22/12/2016 Т. 7-8   PIII/59734 FL0412973 22/12/2016 22/12/2016 Գրքեր / Books 30 Days Loan  
        General Fundamental Scientific Library Fundamental Scientific Library 22/12/2016 Т. 13-14 3 PIII/59735 FL0412974 06/02/2020 22/12/2016 Գրքեր / Books 30 Days Loan 06/02/2020
        General Fundamental Scientific Library Fundamental Scientific Library 22/12/2016 Т. 17-18   PIII/59736 FL0412972 22/12/2016 22/12/2016 Գրքեր / Books 30 Days Loan  


ՀՀ ԳԱԱ հիմնարար գիտական գրադարան
ՀՀ,Երևան 0019
Մարշալ Բաղրամյան 24/6
հեռախոս:(374-10) 52-47-50
Հետադարձ կապ

All site content, except where otherwise noted, is licensed under a
Creative Commons License